[Event "Mazowiec-chT 1415"]
[Site "Warsaw"]
[Date "2015.01.11"]
[Round "1.5"]
[White "Szewczyk, Mariusz"]
[Black "Moskwinski, Tadeusz"]
[Result "1-0"]
[WhiteElo "2049"]
[BlackElo "2059"]
[PlyCount "77"]
[EventDate "2015.01.11"]
[EventType "team-tourn"]
[EventRounds "7"]
[EventCountry "POL"]
[SourceTitle "EXT 2019"]
[Source "ChessBase"]
[SourceDate "2018.10.10"]
[SourceVersion "1"]
[SourceVersionDate "2018.10.10"]
[SourceQuality "1"]

1. e4 c5 2. Nf3 d6 3. e5 Nc6 4. Bb5 Bd7 5. exd6 exd6 6. d4 Nf6 7. 0-0 Be7 8. d5 Nb4 9. Bxd7+ Qxd7 10. c4 0-0 11. a3 Na6 12. Nc3 Nc7 13. Re1 Rfe8 14. Qd3 Rab8 15. Bg5 b5 16. b3 h6 17. Bh4 a6 18. Re2 Bd8 19. Rxe8+ Ncxe8 20. b4 bxc4 21. Qxc4 cxb4 22. axb4 Rc8 23. Qd3 Qc7 24. Ne2 Qc4 25. Qxc4 Rxc4 26. Rxa6 Rxb4 27. h3 Bb6 28. Ra8 Kh7 29. Bg3 g5 30. Rc8 Bc5 31. Kh2 Ng7 32. Nc3 Nf5 33. Be5 Nd7 34. Rc7 dxe5 35. Rxd7 Bd4 36. Rxf7+ Kg6 37. Rc7 Bxf2 38. Nxe5+ Kh5 39. g4+ 1-0

[Event "Warsaw YMCA Spring-A 138th"]
[Site "Warsaw"]
[Date "2014.06.13"]
[Round "10"]
[White "Choroszej, Aleksander"]
[Black "Moskwinski, Tadeusz"]
[Result "1-0"]
[WhiteElo "2113"]
[BlackElo "2081"]
[PlyCount "35"]
[EventDate "2014.04.08"]
[EventType "tourn"]
[EventRounds "11"]
[EventCountry "POL"]
[SourceTitle "EXT 2015"]
[Source "ChessBase"]
[SourceDate "2014.11.20"]
[SourceVersion "1"]
[SourceVersionDate "2014.11.20"]
[SourceQuality "1"]

1. d4 d5 2. c4 c6 3. e3 e6 4. Nc3 f5 5. g4 fxg4 6. Qxg4 Nf6 7. Qg2 Na6 8. Bd2 b6 9. Nf3 Bb7 10. Ne5 Qe7 11. cxd5 Nxd5 12. Nxd5 exd5 13. Rc1 Nb8 14. Qh3 Qf6 15. Rg1 g6 16. Bd3 Bg7 17. Bb4 a5 18. Rxc6 1-0

[Event "Warsaw YMCA Spring-A 138th"]
[Site "Warsaw"]
[Date "2014.05.28"]
[Round "8"]
[White "Maj, Pawel"]
[Black "Moskwinski, Tadeusz"]
[Result "1-0"]
[WhiteElo "1968"]
[BlackElo "2081"]
[PlyCount "69"]
[EventDate "2014.04.08"]
[EventType "tourn"]
[EventRounds "11"]
[EventCountry "POL"]
[SourceTitle "EXT 2015"]
[Source "ChessBase"]
[SourceDate "2014.11.20"]
[SourceVersion "1"]
[SourceVersionDate "2014.11.20"]
[SourceQuality "1"]

1. e4 c5 2. Nc3 g6 3. f4 Bg7 4. Nf3 Nc6 5. Bb5 Nd4 6. 0-0 a6 7. Bc4 d6 8. a4 Nf6 9. h3 0-0 10. d3 Rb8 11. Ba2 Nxf3+ 12. Qxf3 b5 13. g4 b4 14. Ne2 Bb7 15. Ng3 Qc8 16. g5 Nd7 17. h4 Bd4+ 18. Kg2 Bc6 19. Bb3 a5 20. h5 e6 21. Rh1 Nb6 22. Qg4 d5 23. Qh4 Rb7 24. f5 exf5 25. exf5 Be5 26. Bf4 Bxf4 27. Qxf4 d4+ 28. Kf2 Qc7 29. Qxc7 Rxc7 30. hxg6 hxg6 31. Rh6 c4 32. dxc4 gxf5 33. Nxf5 Be4 34. Ng3 Bg6 35. c5 1-0

[Event "Warsaw YMCA Spring-A 138th"]
[Site "Warsaw"]
[Date "2014.04.29"]
[Round "4"]
[White "Delega, Tomasz"]
[Black "Moskwinski, Tadeusz"]
[Result "1/2-1/2"]
[WhiteElo "2100"]
[BlackElo "2081"]
[PlyCount "149"]
[EventDate "2014.04.08"]
[EventType "tourn"]
[EventRounds "11"]
[EventCountry "POL"]
[SourceTitle "EXT 2015"]
[Source "ChessBase"]
[SourceDate "2014.11.20"]
[SourceVersion "1"]
[SourceVersionDate "2014.11.20"]
[SourceQuality "1"]

1. e4 c5 2. Nf3 d6 3. Bc4 Nc6 4. d4 cxd4 5. Nxd4 g6 6. Nxc6 bxc6 7. Qd4 Nf6 8. e5 Qa5+ 9. Bd2 dxe5 10. Qe3 Qb6 11. Qb3 e6 12. 0-0 Rb8 13. Ba5 Qxb3 14. axb3 Nd7 15. Bc3 Bc5 16. Nd2 Ke7 17. Ne4 Bb6 18. Rfd1 Rd8 19. Rd6 Bb7 20. Rad1 c5 21. Ng5 Bc7 22. R6d2 Bc6 23. f3 Nb6 24. Rxd8 Rxd8 25. Ra1 Ra8 26. Ne4 Bxe4 27. fxe4 Nxc4 28. bxc4 f5 29. Kf2 a5 30. Ke3 Kd7 31. b3 Kc6 32. Kf3 Ra7 33. h4 Ra8 34. h5 g5 35. Re1 Re8 36. g4 f4 37. Ra1 Ra8 38. Ra4 Kb7 39. Ra1 Ra6 40. Rd1 Kc6 41. Ra1 Kb7 42. Ke2 Ra8 43. Bb2 Kc6 44. Bc1 Rd8 45. Bb2 Ra8 46. Bc3 Kb7 47. Bd2 Kc6 48. Be1 Kb7 49. Bc3 Kc6 50. h6 Ra6 51. Rh1 a4 52. Ra1 a3 53. Ra2 Ra8 54. Bd2 Kb7 55. Bc1 Ba5 56. Rxa3 Bc3 57. Kd3 Rxa3 58. Bxa3 Bd4 59. c3 Be3 60. b4 Kc6 61. Bb2 Kb6 62. Ke2 Kc6 63. Ba3 Kb6 64. Kd1 Kc6 65. Ke2 Kb6 66. Bb2 Kc6 67. Kf1 Kb6 68. Ba3 Kc6 69. Ke2 Kb6 70. Ke1 Kc6 71. Kd1 Kb6 72. Bc1 Bxc1 73. Kxc1 Kc6 74. Kd1 Kb6 75. Ke2 1/2-1/2

[Event "POL-chT2"]
[Site "Poronin"]
[Date "2013.09.14"]
[Round "8.26"]
[White "Moskwinski, Tadeusz"]
[Black "Sygulski, Boguslaw"]
[Result "1/2-1/2"]
[WhiteElo "2071"]
[BlackElo "2253"]
[PlyCount "119"]
[EventDate "2013.09.06"]
[EventType "team-swiss"]
[EventRounds "9"]
[EventCountry "POL"]
[SourceTitle "EXT 2015"]
[Source "ChessBase"]
[SourceDate "2014.11.20"]
[SourceVersion "1"]
[SourceVersionDate "2014.11.20"]
[SourceQuality "1"]
[WhiteTeam "Zielonka Zieloni"]
[BlackTeam "Pilzno GKSz Hetman"]
[WhiteTeamCountry "POL"]
[BlackTeamCountry "POL"]

1. e4 Nf6 2. e5 Nd5 3. d4 d6 4. Nf3 Bg4 5. Be2 e6 6. c4 Nb6 7. 0-0 dxe5 8. Nxe5 Bxe2 9. Qxe2 Be7 10. Rd1 0-0 11. Nc3 N8d7 12. Rd3 f5 13. Nf3 Rf6 14. Bg5 Rg6 15. Bxe7 Qxe7 16. c5 Nc8 17. Nb5 c6 18. Na3 Qd8 19. Re3 Nf8 20. Nc4 Ne7 21. Nce5 Rf6 22. Rb3 Qc7 23. a4 Nd5 24. a5 a6 25. Nc4 Rb8 26. Nd6 Ne7 27. Qd2 Nd5 28. Re1 h6 29. Ne5 Ng6 30. Nec4 Nge7 31. h4 Kf8 32. h5 Nc8 33. Re5 Nxd6 34. Nxd6 Qd7 35. Qe2 Kg8 36. Qf3 Qc7 37. Nc4 Qd7 38. Qg3 Nc7 39. Nd6 f4 40. Qf3 Nb5 41. Nxb5 axb5 42. Qe4 Rd8 43. Rd3 Qc8 44. Rf3 Rdf8 45. b4 Qd7 46. Ra3 Ra8 47. Kf1 Rd8 48. a6 bxa6 49. Rxa6 Qxd4 50. Qxd4 Rxd4 51. Rxc6 Rxb4 52. Rcxe6 Rxe6 53. Rxe6 Rc4 54. c6 b4 55. Re8+ Kh7 56. Rb8 Rxc6 57. Rxb4 Rc5 58. Rxf4 Rxh5 59. Ke2 Kg6 60. Rb4 1/2-1/2

[Event "POL-chT2"]
[Site "Poronin"]
[Date "2013.09.12"]
[Round "6"]
[White "Kukula, Pawel"]
[Black "Moskwinski, Tadeusz"]
[Result "1-0"]
[WhiteElo "2241"]
[BlackElo "2071"]
[PlyCount "37"]
[EventDate "2013.09.06"]
[EventType "team-swiss"]
[EventRounds "9"]
[EventCountry "POL"]
[SourceTitle "EXT 2015"]
[Source "ChessBase"]
[SourceDate "2014.11.20"]
[SourceVersion "1"]
[SourceVersionDate "2014.11.20"]
[SourceQuality "1"]
[WhiteTeam "Grudziadz Rotmistrz II"]
[BlackTeam "Zielonka Zieloni"]
[WhiteTeamCountry "POL"]
[BlackTeamCountry "POL"]

1. d4 f5 2. Nc3 d5 3. Bg5 c6 4. e3 Nd7 5. Bd3 g6 6. h4 Ngf6 7. h5 Bg7 8. Nf3 Ne4 9. hxg6 hxg6 10. Rxh8+ Bxh8 11. Bxe4 dxe4 12. Nh4 Kf7 13. g4 Bf6 14. gxf5 Bxg5 15. fxg6+ Kf8 16. Qh5 Bf6 17. Qh7 Qe8 18. Nf5 Ne5 19. g7+ 1-0

[Event "POL-chT2"]
[Site "Poronin"]
[Date "2013.09.10"]
[Round "4.26"]
[White "Robak, Zbigniew"]
[Black "Moskwinski, Tadeusz"]
[Result "0-1"]
[WhiteElo "2246"]
[BlackElo "2071"]
[PlyCount "98"]
[EventDate "2013.09.06"]
[EventType "team-swiss"]
[EventRounds "9"]
[EventCountry "POL"]
[SourceTitle "EXT 2015"]
[Source "ChessBase"]
[SourceDate "2014.11.20"]
[SourceVersion "1"]
[SourceVersionDate "2014.11.20"]
[SourceQuality "1"]
[WhiteTeam "Znin Baszta II"]
[BlackTeam "Zielonka Zieloni"]
[WhiteTeamCountry "POL"]
[BlackTeamCountry "POL"]

1. e4 c5 2. c3 d5 3. exd5 Qxd5 4. d4 Nf6 5. Nf3 Bg4 6. Be2 e6 7. h3 Bh5 8. 0-0 Nc6 9. Be3 cxd4 10. Nxd4 Bxe2 11. Qxe2 Nxd4 12. Bxd4 Be7 13. Rd1 Qc6 14. Nd2 0-0 15. Nf3 Rfd8 16. Re1 Nd7 17. Rad1 Bf6 18. Be3 Nb6 19. Bg5 Bxg5 20. Nxg5 h6 21. Nf3 Rd5 22. Ne5 Qc7 23. Rxd5 Nxd5 24. c4 Nf6 25. Qe3 Qa5 26. a3 Rd8 27. Nxf7 Kxf7 28. Qxe6+ Kg6 29. Re5 Rd1+ 30. Kh2 Qc7 31. Qf5+ Kf7 32. Qe6+ Kf8 33. f4 Qd7 34. Qxd7 Rxd7 35. f5 Re7 36. Rc5 Ke8 37. Rc8+ Kd7 38. Ra8 a6 39. Rf8 Kd6 40. b4 Ke5 41. b5 Kxf5 42. bxa6 bxa6 43. Ra8 Re6 44. Ra7 g5 45. Rc7 Ke5 46. Rc8 Ne4 47. Kg1 Kd4 48. Rc7 Rf6 49. Rc8 Nc5 0-1

[Event "POL-chT2"]
[Site "Poronin"]
[Date "2013.09.09"]
[Round "3"]
[White "Moskwinski, Tadeusz"]
[Black "Walach, Marcin"]
[Result "1/2-1/2"]
[WhiteElo "2071"]
[BlackElo "2335"]
[PlyCount "86"]
[EventDate "2013.09.06"]
[EventType "team-swiss"]
[EventRounds "9"]
[EventCountry "POL"]
[SourceTitle "EXT 2015"]
[Source "ChessBase"]
[SourceDate "2014.11.20"]
[SourceVersion "1"]
[SourceVersionDate "2014.11.20"]
[SourceQuality "1"]
[WhiteTeam "Zielonka Zieloni"]
[BlackTeam "Czerwionka Leszczyny Skoczek"]
[WhiteTeamCountry "POL"]
[BlackTeamCountry "POL"]

1. e4 d5 2. exd5 Nf6 3. d4 Bg4 4. Nf3 Qxd5 5. Nc3 Qh5 6. Bb5+ Nc6 7. Qd3 Bxf3 8. gxf3 e6 9. h4 Be7 10. Bf4 0-0 11. Bxc6 bxc6 12. 0-0-0 c5 13. d5 exd5 14. Nxd5 Nxd5 15. Qxd5 Qxd5 16. Rxd5 Rfd8 17. Rxd8+ Rxd8 18. Bxc7 Rd4 19. Bg3 f5 20. Rd1 Ra4 21. b3 Rxa2 22. Rd7 Ra1+ 23. Kd2 Bf6 24. Rc7 Ra5 25. h5 g6 26. hxg6 hxg6 27. Kd3 g5 28. Bd6 Bd4 29. Kc4 Bxf2 30. Bxc5 Rxc5+ 31. Rxc5 Bxc5 32. Kxc5 Kf7 33. Kd5 Kf6 34. b4 g4 35. fxg4 fxg4 36. Ke4 g3 37. Kf3 Ke5 38. c4 Kd4 39. c5 Kd5 40. Kxg3 a5 41. bxa5 Kxc5 42. a6 Kb6 43. Kf3 Kxa6 1/2-1/2

[Event "POL-chT 2nd League"]
[Site "Lazy"]
[Date "2012.09.07"]
[Round "7"]
[White "Czachor, Radoslaw"]
[Black "Moskwinski, Tadeusz"]
[Result "0-1"]
[WhiteElo "2063"]
[BlackElo "2078"]
[PlyCount "70"]
[EventDate "2012.09.01"]
[EventType "team-swiss"]
[EventRounds "9"]
[EventCountry "POL"]
[SourceTitle "EXT 2019"]
[Source "ChessBase"]
[SourceDate "2018.10.10"]
[SourceVersion "1"]
[SourceVersionDate "2018.10.10"]
[SourceQuality "1"]
[WhiteTeam "Wroclaw AZS Politechnika"]
[BlackTeam "Zielonka Zieloni"]
[WhiteTeamCountry "POL"]
[BlackTeamCountry "POL"]

1. e4 c5 2. Nf3 d6 3. d4 cxd4 4. Nxd4 Nf6 5. Nc3 a6 6. Be2 e5 7. Nb3 Be6 8. 0-0 Nbd7 9. f4 Rc8 10. Kh1 Be7 11. Be3 Qc7 12. Nd5 Bxd5 13. exd5 0-0 14. c4 Rfe8 15. Rc1 Bf8 16. fxe5 Nxe5 17. Nd4 Nfd7 18. Qe1 g6 19. Rc3 Bg7 20. Qh4 Nc5 21. Bh6 f5 22. Rh3 Bxh6 23. Qxh6 Qg7 24. Qf4 a5 25. b3 Qf6 26. a3 Ned7 27. b4 axb4 28. axb4 Re4 29. Qh6 Nf8 30. Nxf5 Rxe2 31. Ng3 Rf2 32. Rg1 Nd3 33. Ne4 Qf4 34. Nxd6 Qxd6 35. Rxd3 Rxc4 0-1

[Event "Warsaw YMCA Spring-A 107th"]
[Site "Warsaw"]
[Date "2012.06.20"]
[Round "10"]
[White "Guerrero Rodriguez, Alejandra"]
[Black "Moskwinski, Tadeusz"]
[Result "1-0"]
[WhiteElo "2057"]
[BlackElo "2127"]
[PlyCount "69"]
[EventDate "2012.04.13"]
[EventType "tourn"]
[EventRounds "11"]
[EventCountry "POL"]
[SourceTitle "EXT 2013"]
[Source "ChessBase"]
[SourceDate "2012.11.22"]
[SourceVersion "1"]
[SourceVersionDate "2012.11.22"]
[SourceQuality "1"]

1. c4 c6 2. e4 e5 3. Nf3 d6 4. d4 Nd7 5. Nc3 Ngf6 6. Be2 Be7 7. h3 0-0 8. Be3 Re8 9. Qc2 Bf8 10. 0-0-0 Qa5 11. g4 exd4 12. Nxd4 Nc5 13. Bf3 Ne6 14. Nf5 Qc7 15. g5 Nd7 16. Rhg1 a6 17. Qd2 Rd8 18. Be2 Nb8 19. f4 Kh8 20. Bd3 b5 21. Qf2 Nd7 22. Qh4 Ndc5 23. Bc2 bxc4 24. Nd4 Rb8 25. f5 Nxd4 26. Bxd4 Kg8 27. g6 hxg6 28. fxg6 fxg6 29. Bxc5 Be7 30. Qg3 Qb7 31. Ba3 Bf8 32. Qxg6 d5 33. exd5 Bxa3 34. Qh7+ Kf8 35. Qh8+ 1-0

[Event "Warsaw YMCA Spring-A 107th"]
[Site "Warsaw"]
[Date "2012.05.18"]
[Round "6"]
[White "Sawicki, Mikolaj"]
[Black "Moskwinski, Tadeusz"]
[Result "1-0"]
[WhiteElo "2018"]
[BlackElo "2127"]
[PlyCount "45"]
[EventDate "2012.04.13"]
[EventType "tourn"]
[EventRounds "11"]
[EventCountry "POL"]
[SourceTitle "EXT 2013"]
[Source "ChessBase"]
[SourceDate "2012.11.22"]
[SourceVersion "1"]
[SourceVersionDate "2012.11.22"]
[SourceQuality "1"]

1. e4 c5 2. Nf3 Nc6 3. d4 cxd4 4. Nxd4 Nf6 5. Nc3 e5 6. Ndb5 d6 7. Nd5 Nxd5 8. exd5 Nb8 9. c4 a6 10. Qa4 Nd7 11. c5 Nxc5 12. Nc7+ Ke7 13. Qh4+ f6 14. Nxa8 Bf5 15. b4 Nd7 16. Be2 Qxa8 17. Bg4 Bg6 18. Be3 Bf7 19. Qh3 Qd8 20. Be6 Be8 21. Rc1 g6 22. 0-0 Bg7 23. Bh6 1-0

[Event "Warsaw YMCA Spring-A 107th"]
[Site "Warsaw"]
[Date "2012.05.04"]
[Round "4"]
[White "Pieczonka, Marcin"]
[Black "Moskwinski, Tadeusz"]
[Result "1-0"]
[WhiteElo "2110"]
[BlackElo "2127"]
[PlyCount "95"]
[EventDate "2012.04.13"]
[EventType "tourn"]
[EventRounds "11"]
[EventCountry "POL"]
[SourceTitle "EXT 2013"]
[Source "ChessBase"]
[SourceDate "2012.11.22"]
[SourceVersion "1"]
[SourceVersionDate "2012.11.22"]
[SourceQuality "1"]

1. e4 c5 2. Nf3 Nc6 3. Nc3 d6 4. d4 cxd4 5. Nxd4 Nf6 6. Be3 Ng4 7. Bg5 Qb6 8. Bb5 e5 9. Nd5 Qxd4 10. Qxd4 exd4 11. Nc7+ Kd7 12. Nxa8 h6 13. Bh4 g5 14. Bg3 b6 15. Rd1 Bb7 16. h3 Nge5 17. Rxd4 Bg7 18. Nxb6+ axb6 19. Rd2 Ke6 20. 0-0 Na5 21. Rfd1 Rd8 22. Rd4 Nac6 23. Ra4 Ne7 24. f3 Rc8 25. c3 N7c6 26. h4 Na5 27. Rad4 Rd8 28. Bf2 Nac6 29. Rd5 Bf8 30. Bxb6 Ra8 31. hxg5 hxg5 32. a4 Na7 33. Bxa7 Rxa7 34. R5d4 Be7 35. b4 f5 36. exf5+ Kxf5 37. a5 Ba8 38. a6 Rc7 39. c4 Bf8 40. Kf1 g4 41. f4 Ng6 42. g3 Rh7 43. Rd5+ Bxd5 44. Rxd5+ Ke4 45. Bc6 Ke3 46. Kg2 Ne7 47. a7 Nxd5 48. a8Q 1-0

[Event "Mazowiec-chT 1112"]
[Site "Poland"]
[Date "2012.02.26"]
[Round "9.21"]
[White "Moskwinski, Tadeusz"]
[Black "Pajak, Jakub Lech"]
[Result "1-0"]
[WhiteElo "2127"]
[BlackElo "1693"]
[PlyCount "129"]
[EventDate "2012.01.08"]
[EventType "team-tourn"]
[EventRounds "10"]
[EventCountry "POL"]
[SourceTitle "EXT 2019"]
[Source "ChessBase"]
[SourceDate "2018.10.10"]
[SourceVersion "1"]
[SourceVersionDate "2018.10.10"]
[SourceQuality "1"]

1. e4 c5 2. Nf3 Nc6 3. d4 cxd4 4. Nxd4 g6 5. Nc3 Bg7 6. Be3 Nf6 7. Bc4 0-0 8. Bb3 d6 9. h3 a6 10. 0-0 Na5 11. Qd2 Nxb3 12. axb3 Re8 13. Bh6 Bh8 14. Rad1 b5 15. Nc6 Qc7 16. Nb4 Bb7 17. Rfe1 a5 18. Nbd5 Nxd5 19. exd5 b4 20. Na4 Ba6 21. Re4 Bb5 22. c4 bxc3 23. Nxc3 Rab8 24. Rde1 Ba6 25. Qe3 Rxb3 26. Rxe7 Rxe7 27. Qxe7 Qxe7 28. Rxe7 Rb8 29. Ra7 Bb7 30. Rxa5 Bxc3 31. bxc3 Rc8 32. Bd2 Rc5 33. Rxc5 dxc5 34. d6 Kf8 35. f3 Ke8 36. Bg5 Kd7 37. Be7 Bd5 38. Kf2 Bc4 39. g4 Be6 40. Ke3 Bc4 41. Kf4 Bd3 42. Ke5 Bf1 43. Kf6 Bxh3 44. Kxf7 h5 45. gxh5 gxh5 46. Kg6 Bg2 47. f4 h4 48. Bxh4 Kxd6 49. f5 Be4 50. Kf6 Kd7 51. Ke5 Bd3 52. f6 Ke8 53. Ke6 Kf8 54. Bf2 Bg6 55. Bxc5+ Ke8 56. Bd4 Bf7+ 57. Kd6 Kd8 58. Bb6+ Ke8 59. Ba5 Bb3 60. Kc5 Kf7 61. Bd8 Ke8 62. Be7 Kd7 63. c4 Ba4 64. Kb6 Bc6 65. f7 1-0

[Event "Mazowiec-chT 1112"]
[Site "Poland"]
[Date "2012.02.05"]
[Round "6.9"]
[White "Moskwinski, Tadeusz"]
[Black "Parol, Pawel"]
[Result "1/2-1/2"]
[WhiteElo "2127"]
[BlackElo "1923"]
[PlyCount "163"]
[EventDate "2012.01.08"]
[EventType "team-tourn"]
[EventRounds "10"]
[EventCountry "POL"]
[SourceTitle "EXT 2019"]
[Source "ChessBase"]
[SourceDate "2018.10.10"]
[SourceVersion "1"]
[SourceVersionDate "2018.10.10"]
[SourceQuality "1"]

1. e4 e6 2. d4 d5 3. Nc3 Nf6 4. Bg5 Be7 5. e5 Nfd7 6. h4 Bxg5 7. hxg5 Qxg5 8. Nh3 Qh6 9. g3 a6 10. Bg2 c5 11. dxc5 Nxc5 12. Nf4 Qg5 13. Rh5 Qd8 14. Qe2 g6 15. Rh1 Nc6 16. 0-0-0 Qg5 17. Rhe1 0-0 18. Kb1 d4 19. Bxc6 dxc3 20. Qe3 bxc6 21. Qxc5 cxb2 22. Qb6 a5 23. Nd3 Ba6 24. Nc5 Rfb8 25. Qc7 Rc8 26. Qb6 Bc4 27. Rd7 Bd5 28. Re3 Qg4 29. Kxb2 Qd4+ 30. Kc1 Qa1+ 31. Kd2 Qd4+ 32. Kc1 Qb4 33. Rb7 Qxb6 34. Rxb6 Bxa2 35. Ne4 Bd5 36. Nd6 Rcb8 37. Rxb8+ Rxb8 38. c4 Bg2 39. Ra3 Ra8 40. Nb7 a4 41. f4 Bf1 42. Nd6 Kg7 43. Kd2 f6 44. Kc3 Be2 45. Kd2 Bf1 46. Kc3 fxe5 47. fxe5 Ra5 48. Kd4 Be2 49. Nb7 Ra7 50. Nc5 Kf7 51. Ne4 Ra5 52. Nd6+ Ke7 53. Nb7 Ra7 54. Nc5 Bd1 55. Kc3 h5 56. Ne4 Ra5 57. Kd4 Bb3 58. Nc5 Ra8 59. Nxb3 Rd8+ 60. Kc5 Rd3 61. Rxa4 Rxb3 62. Ra7+ Ke8 63. Kd6 Rxg3 64. Kxe6 Kf8 65. Kf6 Rf3+ 66. Kxg6 h4 67. Rh7 h3 68. c5 Ke8 69. Kg5 Kf8 70. Kg4 Rc3 71. Kf5 Rxc5 72. Rxh3 Rc1 73. Ke6 Rg1 74. Rf3+ Ke8 75. Rf6 c5 76. Kd5 Ke7 77. Kxc5 Rd1 78. Kc6 Rd2 79. Rd6 Re2 80. Kd5 Rd2+ 81. Kc6 Re2 82. Kd5 1/2-1/2

[Event "POL-chT 2nd League"]
[Site "Mrzezyno"]
[Date "2011.09.11"]
[Round "9.94"]
[White "Moskwinski, Tadeusz"]
[Black "Mlodzinska, Irena"]
[Result "1/2-1/2"]
[WhiteElo "2169"]
[BlackElo "1926"]
[PlyCount "85"]
[EventDate "2011.09.03"]
[EventType "team-swiss"]
[EventRounds "9"]
[EventCountry "POL"]
[SourceTitle "EXT 2019"]
[Source "ChessBase"]
[SourceDate "2018.10.10"]
[SourceVersion "1"]
[SourceVersionDate "2018.10.10"]
[SourceQuality "1"]
[WhiteTeam "Zielonka Zieloni"]
[BlackTeam "Bogatynia UKS SP3"]
[WhiteTeamCountry "POL"]
[BlackTeamCountry "POL"]

1. e4 c5 2. Nf3 d6 3. d4 cxd4 4. Nxd4 Nf6 5. Nc3 a6 6. h3 g6 7. Be3 Bg7 8. Qd2 Nbd7 9. g4 h5 10. g5 Nh7 11. 0-0-0 Nc5 12. f4 Bd7 13. Bg2 Rc8 14. Nb3 Nxb3+ 15. axb3 0-0 16. Kb1 Bc6 17. h4 Qc7 18. Rhf1 Rfd8 19. Rf2 b5 20. f5 Nf8 21. f6 Bh8 22. Nd5 Bxd5 23. exd5 Re8 24. Bh3 Rb8 25. Bd4 Nd7 26. Bxd7 Qxd7 27. Rf4 b4 28. Qd3 a5 29. Rdf1 Ra8 30. Be3 Rab8 31. Bd2 Qc7 32. Re4 Qd7 33. Rc4 Qd8 34. Kc1 Rb7 35. Qf3 exf6 36. gxf6 Re5 37. Qh3 Rc7 38. Rxc7 Qxc7 39. Qg2 Qc5 40. Qxg6+ fxg6 41. f7+ Kh7 42. f8Q Bg7 43. Qf7 1/2-1/2

[Event "POL-chT 2nd League"]
[Site "Mrzezyno"]
[Date "2011.09.07"]
[Round "5.82"]
[White "Moskwinski, Tadeusz"]
[Black "Zareba, Radoslaw"]
[Result "1/2-1/2"]
[WhiteElo "2169"]
[BlackElo "2039"]
[PlyCount "92"]
[EventDate "2011.09.03"]
[EventType "team-swiss"]
[EventRounds "9"]
[EventCountry "POL"]
[SourceTitle "EXT 2015"]
[Source "ChessBase"]
[SourceDate "2014.11.20"]
[SourceVersion "1"]
[SourceVersionDate "2014.11.20"]
[SourceQuality "1"]
[WhiteTeam "Zielonka Zieloni"]
[BlackTeam "Wisznia Mala OKSiR"]
[WhiteTeamCountry "POL"]
[BlackTeamCountry "POL"]

1. e4 d6 2. d4 g6 3. Nc3 Bg7 4. g3 Nf6 5. Bg2 0-0 6. Nge2 Na6 7. 0-0 c5 8. d5 Nc7 9. a4 b6 10. h3 a6 11. Be3 Rb8 12. Qd2 Re8 13. f4 Nd7 14. g4 b5 15. a5 b4 16. Nd1 Nb5 17. c4 bxc3 18. bxc3 Qc7 19. Bf2 c4 20. Ra4 Nc5 21. Rxc4 Nb3 22. Qd3 Qxa5 23. Nd4 N3xd4 24. cxd4 Bd7 25. Ne3 Rec8 26. e5 Qa2 27. Rfc1 Qb2 28. R1c2 Qa1+ 29. Kh2 Bh6 30. Kg3 Bg7 31. Rxc8+ Bxc8 32. Nc4 Bd7 33. Qd2 Qa4 34. Na5 g5 35. Nc6 gxf4+ 36. Qxf4 Bxc6 37. Rxc6 dxe5 38. dxe5 Qa1 39. Qf5 Bxe5+ 40. Kh4 Bf6+ 41. g5 Be5 42. Bc5 Qe1+ 43. Kh5 Nd6 44. Bxd6 exd6 45. Rc7 Rf8 46. Be4 Qe2+ 1/2-1/2

[Event "POL-chT 2nd League"]
[Site "Mrzezyno"]
[Date "2011.09.03"]
[Round "1"]
[White "Moskwinski, Tadeusz"]
[Black "Kolosowski, Pawel"]
[Result "0-1"]
[WhiteElo "2169"]
[BlackElo "2302"]
[PlyCount "98"]
[EventDate "2011.09.03"]
[EventType "team-swiss"]
[EventRounds "9"]
[EventCountry "POL"]
[SourceTitle "EXT 2015"]
[Source "ChessBase"]
[SourceDate "2014.11.20"]
[SourceVersion "1"]
[SourceVersionDate "2014.11.20"]
[SourceQuality "1"]
[WhiteTeam "Zielonka Zieloni"]
[BlackTeam "Jaworzno JKSz MCKiS"]
[WhiteTeamCountry "POL"]
[BlackTeamCountry "POL"]

1. e4 e5 2. Nc3 Nf6 3. f4 d5 4. fxe5 Nxe4 5. Nf3 Bc5 6. Qe2 Bf2+ 7. Kd1 Nxc3+ 8. dxc3 Bb6 9. Bg5 Qd7 10. Kd2 0-0 11. Rd1 h6 12. Be3 Qa4 13. a3 Bf5 14. Bxb6 Qxc2+ 15. Ke1 Qxe2+ 16. Bxe2 axb6 17. Rxd5 Ra5 18. Rxa5 bxa5 19. Kf2 Re8 20. Re1 Nd7 21. Kg3 Kf8 22. Kf4 Bh7 23. h4 c6 24. Rd1 Nxe5 25. h5 g5+ 26. Kg3 Nxf3 27. Bxf3 Bf5 28. Rd6 Be6 29. c4 Ke7 30. c5 Rd8 31. Rxd8 Kxd8 32. Kf2 Ke7 33. Ke3 Kf6 34. Kd4 Kf5 35. g3 f6 36. b4 axb4 37. axb4 Bc8 38. Be2 Ke6 39. Bc4+ Ke7 40. Be2 Kd8 41. Ke4 Be6 42. Bd1 Ke7 43. Be2 Ba2 44. Kd4 Ke6 45. Bf3 Kd7 46. Be4 Be6 47. Bf3 Kc7 48. Be2 Bh3 49. Bf3 Kd7 0-1

[Event "Warsaw YMCA 85th"]
[Site "Warsaw"]
[Date "2011.02.25"]
[Round "8"]
[White "Moskwinski, Tadeusz"]
[Black "Nguyen, Piotr"]
[Result "0-1"]
[WhiteElo "2218"]
[BlackElo "2394"]
[PlyCount "42"]
[EventDate "2011.01.07"]
[EventType "tourn"]
[EventRounds "9"]
[EventCountry "POL"]
[EventCategory "3"]
[SourceTitle "EXT 2012"]
[Source "ChessBase"]
[SourceDate "2011.11.24"]
[SourceVersion "1"]
[SourceVersionDate "2011.11.24"]
[SourceQuality "1"]

1. e4 c5 2. Nf3 g6 3. c3 Bg7 4. d4 cxd4 5. cxd4 d5 6. exd5 Nf6 7. Nc3 Nxd5 8. Bc4 Nb6 9. Bb3 0-0 10. h3 Nc6 11. Be3 Na5 12. Bc2 Nac4 13. Rb1 Qc7 14. Bc1 Rd8 15. Qe2 Na3 16. bxa3 Qxc3+ 17. Qd2 Qc6 18. Qe2 Be6 19. Bd3 Nd5 20. Qb2 Nc3 21. Qxb7 Qa4 0-1

[Event "Warsaw YMCA 85th"]
[Site "Warsaw"]
[Date "2011.01.07"]
[Round "1"]
[White "Moskwinski, Tadeusz"]
[Black "Janczarski, Michal"]
[Result "0-1"]
[WhiteElo "2218"]
[BlackElo "2296"]
[PlyCount "82"]
[EventDate "2011.01.07"]
[EventType "tourn"]
[EventRounds "9"]
[EventCountry "POL"]
[EventCategory "3"]
[SourceTitle "EXT 2012"]
[Source "ChessBase"]
[SourceDate "2011.11.24"]
[SourceVersion "1"]
[SourceVersionDate "2011.11.24"]
[SourceQuality "1"]

1. e4 c5 2. Nf3 e6 3. d4 cxd4 4. Nxd4 Nc6 5. Nc3 Qc7 6. Be2 Nf6 7. 0-0 a6 8. a4 Be7 9. Be3 d6 10. f4 Bd7 11. Nb3 Na5 12. Nxa5 Qxa5 13. Qd3 Bc6 14. Bf3 0-0 15. b4 Qc7 16. b5 Bd7 17. b6 Qb8 18. e5 dxe5 19. fxe5 Qxe5 20. Bxb7 Rad8 21. Qd4 Qa5 22. Qc4 Rb8 23. Bxa6 e5 24. Bb5 Rfc8 25. Qe2 Bg4 26. Qe1 Bb4 27. Qg3 Bxc3 28. Rab1 h5 29. h3 Ne4 30. Qh4 g5 31. Bxg5 Qxb6+ 32. Kh2 Qg6 33. Be3 Bf5 34. Rbd1 Ba5 35. Bd3 Bd8 36. Qe1 Nd6 37. Rxf5 e4 38. Bxe4 Nxe4 39. Rdd5 Rxc2 40. Qf1 Qg3+ 41. Kh1 Qxe3 0-1